000
00267nam a22001217a 4500
008
181101b xxu||||| |||| 00| 0 eng d
041
_a
eng
080
_a
159.9
100
_a
17
101
_a
PSI
245
_a
Modern Clinical Psychiatri
_c
Kolb.N
942
_2
udc
_c
BK
999
_c
51378
_d
51378